000 00380 a2200169 4500
001 73433
020 _a9788578527754
040 _cAnchieta - Colégio São Paulo
100 _aFilho, Bearzoti Paulo
240 1 0 _aLíngua Portuguesa II
_lpor
245 1 0 _aLíngua Portuguesa II
300 _a64
362 0 _a2009
440 1 _aPositivo
650 4 _aPortuguês
942 _cBK
999 _c73433
_d73433